| 000 | 01059 a2200205 4500 | ||
|---|---|---|---|
| 003 | Nust | ||
| 005 | 20221103154042.0 | ||
| 010 | _a62010924 | ||
| 020 | _a9971512351 | ||
| 040 | _cNust | ||
| 082 | _a621.3192,KUO | ||
| 100 | _aKuo, Franklin F. | ||
| 245 |
_aNetwork analysis and synthesis / _cFranklin F. Kuo |
||
| 260 |
_aWiley _bNew York _c1962 |
||
| 300 |
_a413 p _billus _c24 cm |
||
| 505 | _aSignals and Systems (Page-1), Signals and Waveforms (Page-21), Differential Equations (Page-66), Network Analysis (I) (Page-89), The Fourier and Laplace Transforms (Page-166), Transform Methods in Network Analysis (Page-148), Poles and Zeros (Page-183), Network Analysis (II) (Page-224), Elements of Realizability Theory (Page-255), Synthesis of One-Port Networks With Two Kinds of Elements (Page-279), Elements of Transfer Function Synthesis (Page-304), Some Problems in Filter Design (Page-327), The Scattering Matrix (Page-365). | ||
| 600 | _aKuo, Franklin F., | ||
| 650 |
_aNetwork analysis and synthesis _9102335 |
||
| 942 |
_2ddc _cBK |
||
| 999 |
_c185794 _d185794 |
||